000 00298nam a2200121Ia 4500
008 190216s9999||||xx |||||||||||||| ||und||
100 _aShailaja G
245 0 _aInternational Finance 2nd Edn
260 _bUniversities Press
_c2011
300 _a517
650 _aInternational Finance
942 _cBK
999 _c8070
_d8070